<?xml version="1.0" encoding="UTF-8"?><?xml-stylesheet type="text/xsl" href="static/style.xsl"?><OAI-PMH xmlns="http://www.openarchives.org/OAI/2.0/" xmlns:xsi="http://www.w3.org/2001/XMLSchema-instance" xsi:schemaLocation="http://www.openarchives.org/OAI/2.0/ http://www.openarchives.org/OAI/2.0/OAI-PMH.xsd"><responseDate>2026-04-17T18:41:02Z</responseDate><request verb="GetRecord" identifier="oai:www.recercat.cat:10256/10359" metadataPrefix="marc">https://recercat.cat/oai/request</request><GetRecord><record><header><identifier>oai:recercat.cat:10256/10359</identifier><datestamp>2024-06-18T13:49:01Z</datestamp><setSpec>com_2072_452955</setSpec><setSpec>com_2072_2054</setSpec><setSpec>col_2072_453073</setSpec></header><metadata><record xmlns="http://www.loc.gov/MARC21/slim" xmlns:dcterms="http://purl.org/dc/terms/" xmlns:xsi="http://www.w3.org/2001/XMLSchema-instance" xmlns:doc="http://www.lyncode.com/xoai" xsi:schemaLocation="http://www.loc.gov/MARC21/slim http://www.loc.gov/standards/marcxml/schema/MARC21slim.xsd">
   <leader>00925njm 22002777a 4500</leader>
   <datafield ind2=" " ind1=" " tag="042">
      <subfield code="a">dc</subfield>
   </datafield>
   <datafield ind2=" " ind1=" " tag="720">
      <subfield code="a">Aroua, Safwan</subfield>
      <subfield code="e">author</subfield>
   </datafield>
   <datafield ind2=" " ind1=" " tag="720">
      <subfield code="a">Garcia Borràs, Marc</subfield>
      <subfield code="e">author</subfield>
   </datafield>
   <datafield ind2=" " ind1=" " tag="720">
      <subfield code="a">Bölter, Marc Florian</subfield>
      <subfield code="e">author</subfield>
   </datafield>
   <datafield ind2=" " ind1=" " tag="720">
      <subfield code="a">Osuna Oliveras, Sílvia</subfield>
      <subfield code="e">author</subfield>
   </datafield>
   <datafield ind2=" " ind1=" " tag="720">
      <subfield code="a">Yamakoshi, Yoko</subfield>
      <subfield code="e">author</subfield>
   </datafield>
   <datafield ind2=" " ind1=" " tag="260">
      <subfield code="c">info:eu-repo/date/embargoEnd/2026-01-01</subfield>
   </datafield>
   <datafield ind2=" " ind1=" " tag="260">
      <subfield code="c">info:eu-repo/date/embargoEnd/2026-01-01</subfield>
   </datafield>
   <datafield ind2=" " ind1=" " tag="260">
      <subfield code="c">2015</subfield>
   </datafield>
   <datafield ind2=" " ind1=" " tag="520">
      <subfield code="a">Regioselective bisaddition of M3N@Ih-C80 (M = Y, Gd) was observed for the first time in the Prato reaction with N-ethylglycine and formaldehyde. The main kinetic bisadduct of Y3N@C80 was determined to be a [6,6],[6,6] adduct by 1H and 13C NMR and vis/NIR spectroscopy, and it converted to a mixture of regioisomers upon heating via a sigmatropic rearrangement. The main kinetic bisadduct of Gd3N@C80 (the [6,6],[6,6] adduct on the basis of vis/NIR data) existed stably under thermal conditions without isomerization. The likely position of the second addition of the Gd3N@C80 bisadduct was predicted by DFT calculation</subfield>
   </datafield>
   <datafield ind2=" " ind1=" " tag="520">
      <subfield code="a">This research was supported in part by the Swiss National Foundation (200021-140451 and 200021-156097 to Y.Y.), ETHZ (Grant ETH-25 11-1 to Y.Y.), JST PRESTO (to Y.Y.), the American Heart Association (SDG 0930140N to Y.Y.), the Spanish MECD (Ph.D. Fellowship AP2010-2517 to M.G.-B.), Spanish MINECO (Projects CTQ2011-23156/BQU and CTQ2011-25086/BQU and Juan de la Cierva Postdoctoral Grant JCI-2012-14438 to S.O.), and the European Community (CIG Project PCIG14-GA-2013-630978 to S.O.)</subfield>
   </datafield>
   <datafield ind1="8" ind2=" " tag="024">
      <subfield code="a">http://hdl.handle.net/10256/10359</subfield>
   </datafield>
   <datafield tag="653" ind2=" " ind1=" ">
      <subfield code="a">Reaccions químiques regioselectives</subfield>
   </datafield>
   <datafield tag="653" ind2=" " ind1=" ">
      <subfield code="a">Regioselectivity Chemical reactions</subfield>
   </datafield>
   <datafield tag="653" ind2=" " ind1=" ">
      <subfield code="a">Funcional de densitat, Teoria del</subfield>
   </datafield>
   <datafield tag="653" ind2=" " ind1=" ">
      <subfield code="a">Density functionals</subfield>
   </datafield>
   <datafield ind2="0" ind1="0" tag="245">
      <subfield code="a">Endohedral metal-induced regioselective formation of bis-prato adduct of Y3N@ Ih-C80 and Gd3N@ Ih-C80</subfield>
   </datafield>
</record></metadata></record></GetRecord></OAI-PMH>